000 00731nam a2200289Ia 4500
005 20260324134236.0
008 008 260324s9999 xx 000 0 eng d
020 _a9781410609540
037 _aEBOOK
040 _aCRL
040 _beng
040 _cCRL
041 _2eng
041 _aeng
084 _qCRL
100 _aMary-Lou Galician
_91189971
245 0 _aSex, Love, and Romance in the Mass Media
245 0 _bAnalysis and Criticism of Unrealistic Portrayals and Their Influence
260 _bTaylor and Francis
260 _c2002
365 _a
365 _b280
856 _uhttp://www.taylorfrancis.com/books/9781410609540
942 _cEBOOK
999 _c1795956
_d1795956